Industry among the Indians on the Tongue River Reservation, 1913. Letter from the Secretary of the Interior, transmitting a detailed statement of expenditures made for the purpose of encouraging industry among the Indians on the Tongue River Indian Reservation during the fiscal year ended June 30, 1913.

Bibliographic Details
Corporate Authors: United States. Congress. House. Committee on Indian Affairs, ProQuest (Firm)
Format: eBook
Language:English
Published: Washington : [publisher not identified], 1913.
Series:United States congressional serial set.
Subjects:
Online Access:Connect to the full text of this electronic book

MARC

Tag First Indicator Second Indicator Subfields
LEADER 00000cam a22000001a 4500
001 in00003039708
005 20190402184729.0
006 m o d
007 cr un mmmapmmp
008 070707s1913 dcud o f000 0 eng d
035 |a cis2004144103 
040 |a UMI  |c UMI  |d UtOrBLW 
043 |a n-us--- 
099 |a ProQuest Serial Set Number 6756 H.doc.294 
110 1 |a United States.  |b Congress.  |b House.  |b Committee on Indian Affairs. 
245 1 0 |a Industry among the Indians on the Tongue River Reservation, 1913. Letter from the Secretary of the Interior, transmitting a detailed statement of expenditures made for the purpose of encouraging industry among the Indians on the Tongue River Indian Reservation during the fiscal year ended June 30, 1913. 
246 1 |a Expenditures for Indians on Tongue River Reservation, Montana 
264 1 |a Washington :  |b [publisher not identified],  |c 1913. 
300 |a 1 online resource. 
336 |a text  |b txt  |2 rdacontent 
337 |a computer  |b c  |2 rdamedia 
338 |a online resource  |b cr  |2 rdacarrier 
490 0 |a H.doc.294 
500 |a Record is based on bibliographic data in ProQuest U.S. Serial Set Digital Collection (last viewed July 2007). Reuse except for individual research requires license from ProQuest, LLC. 
510 3 |a ProQuest U.S. Serial Set Digital Collection 
500 |a Electronic resource. 
650 0 |a Expenditures, Public. 
651 0 |a Montana. 
651 0 |a Northern Cheyenne Indian Reservation (Mont.) 
655 7 |a Electronic books.  |2 local 
710 2 |a ProQuest (Firm) 
830 0 |a United States congressional serial set. 
856 4 0 |u http://proxy.library.tamu.edu/login?url=http://congressional.proquest.com/congcomp/getdoc?SERIAL-SET-ID=6756+H.doc.294  |z Connect to the full text of this electronic book  |t 0 
999 |a MARS 
999 f f |s a0c61f95-286a-39b5-a66a-5a6e08f40381  |i 8499d54a-ac4d-3f8b-86a4-f4cadf9dcd31  |t 0 
952 f f |a Texas A&M University  |b College Station  |c Electronic Resources  |d Available Online  |t 0  |e ProQuest Serial Set Number 6756 H.doc.294  |h Other scheme 
998 f f |a ProQuest Serial Set Number 6756 H.doc.294  |t 0  |l Available Online